Breve corso di storia patria : ad uso delle scuole medie inferiori. [A cura di] A. e C. Parte 3

Gespeichert in:
Bibliographische Detailangaben
Format: Buch
Sprache:Italienisch
Erschienen: Torino Ditta G. B. Paravia e C. 1915
Katalog:EDISCO:  Suchergebnis im Bibliothekskatalog
Schulbuchspezifische Eigenschaften:
Tags: Tag hinzufügen
Keine Tags, Fügen Sie den ersten Tag hinzu!
Hinzugefügt zu:30.04.2016
Geändert in:18.10.2017

MARC

LEADER 00000aam a22000007 4500
001 09003
003 OSt
005 20171018101221.0
008 160501s1915 it 000 0 ita
040 |c Marco Di Giovanni 
041 1 |a ita 
245 0 0 |a Breve corso di storia patria : ad uso delle scuole medie inferiori. [A cura di] A. e C. Parte 3 
260 |a Torino  |b Ditta G. B. Paravia e C.  |c 1915 
300 |a 264 p.: il, 3 ;  
901 |a 7 
942 |2 ddc  |c BK 
546 |a ita 
999 |c 8992  |d 8992 
999 |c edisco:8992  |d 8992